Teoría de la comunicación y gestión de las organizaciones / (Record no. 90268)

MARC details
000 -CABECERA
campo de control de longitud fija 00700nam a2200217 a 4500
005 - FECHA Y HORA DE LA ÚLTIMA TRANSACCIÓN
campo de control 20240113063654.0
008 - ELEMENTOS DE LONGITUD FIJA--INFORMACIÓN GENERAL
campo de control de longitud fija 020613s1997 mx r 000 0 spa d
020 ## - NÚMERO INTERNACIONAL NORMALIZADO PARA LIBROS
Número Internacional Estándar del Libro 8477384908
035 ## - NÚMERO DE CONTROL DEL SISTEMA
Número de control de sistema UPN01000117840
049 ## - COLECCIÓN
Colección CG
050 #4 - SIGNATURA TOPOGRÁFICA DE LA BIBLIOTECA DEL CONGRESO
Número de clasificación HD58.8
Número de documento/Ítem P5.7
100 1# - ASIENTO PRINCIPAL--NOMBRE PERSONAL
Nombre de persona Piñuel Raigada, José Luis
9 (RLIN) 29860
245 10 - MENCIÓN DE TÍTULO
Título Teoría de la comunicación y gestión de las organizaciones /
Mención de responsabilidad, etc. José Luis Piñuel Raigada.
260 ## - PUBLICACIÓN, DISTRIBUCIÓN, ETC.
Lugar de publicación, distribución, etc. Madrid :
Nombre del editor, distribuidor, etc. Síntesis,
Fecha de publicación, distribución, etc. 1997.
300 ## - DESCRIPCIÓN FÍSICA
Extensión 319 p. :
Material acompañante/anejo cuadros
440 #0 - MENCIÓN DE SERIE/ASIENTO SECUNDARIO--TÍTULO
Título Ciencias de la información.
Nombre de parte o sección de la obra Experiencias e investigación
650 #4 - ASIENTO SECUNDARIO DE MATERIA - TERMINO TEMATICO
Término de materia o nombre geográfico como elemento de entrada Cambio organizacional
9 (RLIN) 4984
650 #4 - ASIENTO SECUNDARIO DE MATERIA - TERMINO TEMATICO
Término de materia o nombre geográfico como elemento de entrada GESTION DE NEGOCIOS
9 (RLIN) 8974
650 #4 - ASIENTO SECUNDARIO DE MATERIA - TERMINO TEMATICO
Término de materia o nombre geográfico como elemento de entrada Comunicación
9 (RLIN) 9285
905 ## - TIPO DE MATERIAL
Tipo de material Libro
Holdings
Estado de retiro Estado de pérdida Fuente del sistema de clasificación o colocación Estado dañado No para préstamo Código de colección Localización permanente Ubicación/localización actual Ubicación en estantería Total de préstamos Clasificación Código de barras Fecha visto por última vez Número de copia Tipo de ítem Koha
    Library of Congress Classification     Colección General Bib. Gregorio Torres Quintero Bib. Gregorio Torres Quintero Planta baja 9 HD58.8 P5.7 193113 31/12/2020 1 Libro
    Library of Congress Classification     Colección General Bib. Gregorio Torres Quintero Bib. Gregorio Torres Quintero Planta baja 8 HD58.8 P5.7 193114 31/12/2020 1 Libro
    Library of Congress Classification     Colección General Bib. Gregorio Torres Quintero Bib. Gregorio Torres Quintero Planta baja 8 HD58.8 P5.7 211688 31/12/2020 1 Libro